000 00445nam a2200193Ia 4500
003 0100
008 130307s9999 xx 000 0 und d
040 _cARRUPELIB
050 _aB1111.B8
245 4 _aThe English philosophers from Bacon to Mill
260 _aNew York
260 _bModern Library
260 _c1939
300 _a1041p.
300 _b20cm.
650 _aPHILOSOPHY
700 _aBurtt, Edwin Arthur (ed.)
942 0 0 _01
999 _c84700
_d84700